000 01047amm a2200325 4500
008 130215s2013 o d cat d
017 _aPM-199-2013
041 _acat
041 _beng
041 _bspa
110 _aUniversitat de les Illes Balears. Gabinet de Terminologia
_962075
245 _aEstudis de Psicologia: Percepció i atenció
_h[en línia]
_cUniversitat de les Illes Balears. Servei Lingüístic. Gabinet de Terminologia
260 _a[Palma]
_bUniversitat de les Illes Balears. Servei Lingüístic
_c2013
300 _a1 tríptic.
490 _aTerminologies Universitàries
500 _aCategoria gramatical
500 _aÍndexs
520 _a154
591 _aUIB-PERCAT
592 _aObra terminològica
593 _aRC
593 _aRQ
650 0 _apercepció
_973673
650 0 _aatenció
_975318
830 _aTerminologies Universitàries
_972755
856 _uhttps://cit.iec.cat/PERIAT/default.asp?opcio=2
901 _cDL <2013>
942 _cMO
_2ddc
_n0
999 _c68555
_d68555